Matematická analýza pro učitele. Díl 2.

Gespeichert in:
Bibliographische Detailangaben
1. Verfasser: Veselý, Jiří (Verfasst von)
Format: Buch
Sprache:Tschechisch
Veröffentlicht: Praha : Matfyzpress, 1997
Tags: Tag hinzufügen
Keine Tags, Fügen Sie das erste Tag hinzu!

MARC

LEADER 00000nam a22000003a 4500
001 stu26223
005 20150617225742.8
008 980629s1997------------------------cze-d
020 |a 80-85863-23-5 
040 |a STU  |b slo 
041 0 |a cze 
080 |a 519.677  |7 A000003314 
100 1 |a Veselý, Jiří  |4 aut 
245 1 |a Matematická analýza pro učitele. Díl 2. 
260 |a Praha :  |b Matfyzpress,  |c 1997 
300 |a 232-452 s 
500 |a Lit.,index 
996 |b C95459  |c C*95459  |l CCXX  |s P  |a 0  |w stu26223_0001